J.K.Galbraith o privatizácii

Názory popredného amerického ekonóma na problémy ekonomickej transformácie v krajinách východnej Európy. Problém nezamestnanosti ako najväčší ekonomický problém. Problém privatizácie vo vyspelých krajinách a vo východných krajinách.

Salvato in:
Dettagli Bibliografici
Natura: Capitolo di libro
Lingua:slovacco
Soggetti:
Tags: Aggiungi Tag
Nessun Tag, puoi essere il primo ad aggiungerne!!

MARC

LEADER 00000naa a2200000 4500
001 r016177
005 20221213114847.7
041 0 |a slo 
044 |a SK 
245 1 0 |a J.K.Galbraith o privatizácii 
520 |a Názory popredného amerického ekonóma na problémy ekonomickej transformácie v krajinách východnej Európy. Problém nezamestnanosti ako najväčší ekonomický problém. Problém privatizácie vo vyspelých krajinách a vo východných krajinách. 
610 2 0 |a privatizácia 
610 2 0 |a nezamestnanosť 
610 2 0 |a Európa 
610 2 0 |a reformy hospodárske 
610 2 0 |a transformácia 
610 2 0 |a Galbraith, J.K.